| 000 | 00832cam a2200193 4500 | ||
|---|---|---|---|
| 001 | WS114256 | ||
| 008 | 010822n 000 0 eng u | ||
| 035 | _a(Sirsi) u114256 | ||
| 245 | _aHong Kong General Practice Surveying Site | ||
| 520 | _aWeb site which claims 'to share with you the rules of the game of the general practice surveying profession and the information on the real estate industry in Hong Kong'. Includes resources for the preparation of the APC, a detailed Q&A section and outlines of research. View at www.hkgp.com. | ||
| 650 | _aHONG KONG | ||
| 650 | _aSTATISTICS | ||
| 650 |
_aAPC _96216 |
||
| 650 | _aINTERNATIONAL | ||
| 650 | _aASIA | ||
| 690 | _aMANAGEMENT-BUSINESS MANAGEMENT-PROFESSIONAL PRACTICE | ||
| 856 | 4 | 0 |
_uhttps://www.hkgp.com _vView the website free of charge at www.hkgp.com... |
| 942 | _n0 | ||
| 999 |
_c119857 _d119857 |
||